Синтез генераторов низкочатотных синусоидальных колебаний с малыми нелинейными искажениями; Проблемы метрологии

Detalles Bibliográficos
Parent link:Проблемы метрологии.— 1985.— С. 70-80
Autor Principal: Рыбин Ю. К.
Idioma:ruso
Publicado: 1985
Subjects:
Formato: MixedMaterials Capítulo de libro
KOHA link:https://koha.lib.tpu.ru/cgi-bin/koha/opac-detail.pl?biblionumber=594918

MARC

LEADER 00000naa0a2200000 4500
001 594918
005 20250220163020.0
035 |a (RuTPU)RU\TPU\tpu\12234 
035 |a RU\TPU\tpu\12233 
090 |a 594918 
100 |a 20050601d1985 k y0rusy50 ca 
101 0 |a rus 
102 |a RU 
200 1 |a Синтез генераторов низкочатотных синусоидальных колебаний с малыми нелинейными искажениями  |f Ю. К. Рыбин 
463 |t Проблемы метрологии  |o межвузовский научно-технический сборник  |v С. 70-80  |d 1985 
610 1 |a синусоидальные колебания 
610 1 |a генераторы 
610 1 |a синтез 
610 1 |a нелинейные искажения 
610 1 |a низкочастотные колебания 
610 1 |a труды учёных ТПУ 
700 1 |a Рыбин  |b Ю. К. 
801 1 |a RU  |b 63413507  |c 20050601  |g PSBO 
801 2 |a RU  |b 63413507  |c 20100416  |g PSBO 
942 |c BK